Представление документа в формате MARC21

Поле Инд. ПП Название Значение
Тип записи a
Библиографический уровень b
001 Контрольный номер RU/IS/BASE/269353499
005 Дата корректировки 20240403144216.7
008 Кодируемые данные 20080714
040 b Код языка каталог. rus
e Правила каталог. PSBO
041 0_ a Код языка текста rus
084 a Индекс другой классификации/Индекс ББК 83.3(2=411.2)52
100 1_ a Автор Толстой Л. Л.
q Полное имя Толстой Лев Львович
245 10 a Заглавие Опыт моей жизни
c Ответственность вступ. ст., публ,, комментарии В. Абросимовой
520 0_ a Аннотация В своих воспоминаниях сын Л.Н. Толстого Лев Львович описывает взаимоотношения в семье перед смертью писателя.
600 14 a Персоналии Толстой Лев Львович
a Персоналии Толстой Лев Николаевич
a Персоналии Толстые (дворянский род)
650 04 a Основная рубрика литературоведение
a Основная рубрика филологические науки
653 0_ a Ключевые слова XIX век
a Ключевые слова XX век
a Ключевые слова Россия
a Ключевые слова русская литература
a Ключевые слова Ясная Поляна
700 1_ a Автор Абросимова В.
e Роль лиц Автор вступительной статьи; автор публикации; автор комментариев
773 08 t Заглавие источника Наше наследие
d Дата издания источника 1991
g Прочая информация № 5(23). - С. 83 - 97
w Контрольный № источника RU/IS/BASE/179596151
901 t Тип документа b